| 000 | 01752nam a2200241Ia 4500 | ||
|---|---|---|---|
| 003 | Ost | ||
| 005 | 20260416102358.0 | ||
| 008 | 260416s9999||||xx |||||||||||||| ||und|| | ||
| 040 | _cfsecg | ||
| 041 | _aara | ||
| 082 | _a657.46 | ||
| 100 |
_aدغموم، هشام _eمؤلف |
||
| 245 | 0 |
_aمحاضرات وتمارين في المحاسبة المالية المعمقة1 وفقا للنظام المحاسبي المالي (SCF) و المعايير الدولية للمحاسبة (IAS/IFRS) : _bمطبوعة موجهة لطلبة السنة الثالثة LMD / _c هشام دغموم |
|
| 260 |
_aالجزائر _bجامعة الجزائر3: كلية العلوم الإقتصادية، العلوم التجارية وعلوم التسيير _c2020 |
||
| 300 |
_a129 ورقة _bايضاحات _c30 سم |
||
| 504 | _aمراجع ص.127 | ||
| 520 | _aالمعالجة المحاسبية لبعض الامور المرتبطة بعمليات الشراء و البيع للمخزونات ،المعالجة المحاسبية للاوراق التجارية ، المعالجة المحاسبية لأعباء المستخدمين (أجور و رواتب العمال و الموظفين) ، المعالجة المحاسبية لعقود الايجار التمويلية ، المعالجة المحاسبية لعقود الانشاء (المقاولة )طويلية الاجل . | ||
| 653 | _aالمحاسبة التحليلية | ||
| 653 | _aالنظام المحاسبي المالي - SCF | ||
| 653 | _aمعايير المحاسبة الدولية | ||
| 710 |
_aجامعة الجزائر3: كلية العلوم الإقتصادية، العلوم التجارية وعلوم التسيير _eناشر علمي |
||
| 942 | _cHANDOUT | ||
| 999 |
_c41312 _d41312 |
||